000 00837nam a2200277 i 4500
001 000008193
003 DO-SdBNP
005 20260202105356.0
007 ta
008 090915s1978 dr 000 j spa d
040 _aDO-SdBNP
_bspa
_cBNPHU
_erda
041 _aspa
082 4 _aRD863.44
_bR572f
_222
100 1 _aRijo, José,
_d1915-
_eautor
_922231
_4aut.
245 1 0 _aFloreo :
_bcuentos /
_cJosé Rijo.
264 _aSanto Domingo, República Dominicana :
_bEditora Colonial,
_c1978.
300 _a92 páginas ;
_c21 cm.
336 _ardacontent
_btexto
_2txt
337 _ardamedia
_bsin mediación
_2n
338 _ardacarrier
_bvolumen
_2nc
590 _aInventariado, 2019/VM
650 0 _aCuentos dominicanos
_9176
650 0 _aLiteratura dominicana.
_967
910 _aValidado. Control de calidad MFF
942 _2ddc
_cLBS1
999 _c7967
_d7967